| 000 | 00993nam a2200277 i 4500 | ||
|---|---|---|---|
| 003 | DO-SdBNP | ||
| 005 | 20240712093042.0 | ||
| 006 | a||||er|||| 00| 0 | ||
| 007 | ta | ||
| 008 | 240711t1999 sp aoc|| |||| 00| 0 spa d | ||
| 040 |
_aDO-SdBNP _bspa _cBNPHU _erda |
||
| 082 | 4 |
_222 _bS642en |
|
| 100 | 1 |
_aSmith, José _986063 _d1805-1844 _eautor |
|
| 245 | 1 | 0 |
_aEnseñanzas de los presidentes de la iglesia / _cJosé Smith. |
| 264 | 4 |
_aSalt Lake City, Utah : _bIglesia de Jesucristo de los Santos de los últimos Días, _c©1999 |
|
| 300 |
_a484 páginas : _bilustraciones, fotografías, retratos ; _c23 cm. |
||
| 336 |
_2rdacontent _atexto _btxt |
||
| 337 |
_2rdamedia _asin mediación _bn |
||
| 338 |
_2rdacarrier _avolumen _bnc |
||
| 500 | _aIncluye bibliografía y notas al pie de páginas. | ||
| 500 | _aIncluye índice. | ||
| 534 | _aTeachings of Prsidents of the Church. | ||
| 590 | _aInventariado 2024 / MF | ||
| 600 | 1 | 4 |
_aSmith, José, _986063 _d1805-1844 _xBiografía |
| 942 |
_2ddc _cLBS1 |
||
| 999 |
_c57270 _d57270 |
||